Twentieth Century Mexican Symphonic Music : Contreras, Hernández Moncada, Ibarra, Catán, Márquez /
محفوظ في:
| مؤلف مشترك: | |
|---|---|
| مؤلفون آخرون: | , , , , , , |
| التنسيق: | سمعي |
| منشور في: |
México :
Prodisc,
1999, c1999
|
| سلاسل: | (Clásicos Mexicanos Spartacus)
|
| الموضوعات: | |
| الوسوم: |
لا توجد وسوم, كن أول من يضع وسما على هذه التسجيلة!
|
MARC
| LEADER | 00000njm^a2200000^a^4500 | ||
|---|---|---|---|
| 001 | 000186905 | ||
| 005 | 20251020000000.0 | ||
| 009 | 20260310102243.783 | ||
| 037 | |a Acervo ITESO - Biblioteca | ||
| 041 | |a SON | ||
| 082 | |a 784. 97206 |b ORQ V. 2 | ||
| 110 | |a Orquesta Filarmónica de la Ciudad de México |e (ejecución musical) | ||
| 240 | 1 | 1 | |a [Twentieth Century Mexican Symphonic Music] |
| 240 | 1 | 1 | |a [Danza negra, de Salvador Contreras] |
| 240 | 1 | 1 | |a [Primera sinfonía, de Eduardo Hernández Moncada] |
| 240 | 1 | 1 | |a [Primera sinfonía, de Federico Ibarra] |
| 240 | 1 | 1 | |a [Tu son,tu risa, tu sonrisa] |
| 240 | 1 | 1 | |a [Son, de Arturo Márquez] |
| 245 | 1 | 0 | |a Twentieth Century Mexican Symphonic Music : |b Contreras, Hernández Moncada, Ibarra, Catán, Márquez / |c Ejecución musical de la Orquesta Filarmónica de la Ciudad de México ; dir. musical de E. Diazmuñoz ; texto del folleto de L. Azar Boldo. |
| 264 | 4 | |a México : |b Prodisc, |c 1999, c1999 | |
| 300 | |a 1 disco compacto sonoro (73 min.) + |e 1 folleto (11 p.) | ||
| 336 | |a música interpretada |b prm |2 rdacontenido | ||
| 337 | |a audio |b s |2 rdamedio | ||
| 338 | |a disco sonoro |b sd |2 rdasoporte | ||
| 440 | 1 | |a (Clásicos Mexicanos Spartacus) | |
| 546 | |a Edición bilingüe español-inglés (folleto) | ||
| 649 | |a XX | ||
| 650 | |a Músicos Mexicanos | ||
| 650 | |a Artistas Mexicanos | ||
| 650 | |a Nacionalismo en la Música - |z México | ||
| 650 | |a Nacionalismo en el Arte - |z México | ||
| 650 | |a Música Romántica - |z México | ||
| 650 | |a Música Moderna - |z México | ||
| 650 | |a Música Sinfónica - |z México | ||
| 650 | |a Música de Concierto - |z México | ||
| 650 | |a Música Mexicana - |y Siglo XX | ||
| 650 | |a Contreras, Salvador | ||
| 650 | |a Hernández Moncada, Eduardo | ||
| 650 | |a Ibarra, Federico | ||
| 650 | |a Catán, Daniel | ||
| 650 | |a Márquez, Arturo | ||
| 650 | |a Diazmuñoz, Eduardo | ||
| 700 | |a Contreras, Salvador |e (música) | ||
| 700 | |a Hernández Moncada, Eduardo |e (música) | ||
| 700 | |a Ibarra, Federico |e (música) | ||
| 700 | |a Catán, Daniel |e (música) | ||
| 700 | |a Márquez, Arturo |e (música) | ||
| 700 | |a Diazmuñoz, Eduardo |e (dirección musical) | ||
| 700 | |a Azar Boldo, Lázaro |e (texto del folleto) | ||
| 910 | |a Fondo General | ||
| 920 | |a Sonoros - CDs | ||
| 940 | |a CDs de Música | ||
| 905 | |a 401 | ||
| 901 | |a 0500128768 |b IT2 |c CDM |u 20250521 | ||
| 901 | |a 0500128765 |b IT2 |c MIM |u 20251020 | ||
| 902 | |a https://opac.biblio.iteso.mx/vufind/Record/000186905 | ||